000 00629nam a2200181 4500
999 _c488
_d488
001 666
005 20190909112757.0
008 190306b ||||| |||| 00| 0 eng d
020 0 0 _a9789993630012
090 0 0 _a495.43 T553c 2009
100 0 0 _aNamgyel, Singye
245 0 0 _aངག་ཧྒྲོན་འགྲེལ་པ་གསལ་བའི་རྒྱན་ཞེས་བྱ་བ་བཏུགས་སོ།
_cJigme Chogyel.
246 _a[Tibetan dictionary].
260 0 0 _aThimphu :
_bDzongkha Development Commission,
_c2009.
300 0 0 _a591 p.
650 0 0 _aTibetan language --Dictionaries.
942 _2ddc
_cDZONGKHA